| 000 | 00880nam a22002657a 4500 | ||
|---|---|---|---|
| 005 | 2011080203383.0 | ||
| 008 | 110802t xxu||||| |||| 00| 0 eng d | ||
| 010 | _aENG-103195 | ||
| 020 |
_a9780070700956 _c295.00 |
||
| 020 |
_a0070700958 _c295.00 |
||
| 035 | _aEN-86728 | ||
| 037 | _bDBAD / PUB | ||
| 040 |
_adpl _bEnglish |
||
| 082 | _a650.144 | ||
| 100 |
_929868 _aAnandamurugan, S. |
||
| 245 |
_aPlacement interviews : _cby S. Anandamurugan _bskills for success / |
||
| 260 |
_aNew Delhi _bTata McGraw Hill _c2011 |
||
| 270 |
_a7, West Patel Nagar _bNew Delhi _e110002 |
||
| 300 |
_a266p. _c24cm (pbk) |
||
| 650 | _929869 | ||
| 651 | _91549 | ||
| 700 | _929871 | ||
| 942 |
_2ddc _cEN _h650.144 _mANA |
||
| 999 |
_c54701 _d54701 |
||